| 000 | 00450nam a2200205Ia 4500 | ||
|---|---|---|---|
| 003 | OSt | ||
| 005 | 20230626111333.0 | ||
| 008 | 210423s9999 xx 000 0 und d | ||
| 040 | _cAL | ||
| 041 | _aeng | ||
| 082 |
_a305.5 _223 _bDEVS |
||
| 100 |
_aDEVARAJ (John) _9113238 |
||
| 245 | _aSoorya | ||
| 260 | _c2021 | ||
| 365 | _cINR | ||
| 650 |
_aSocial Classes _9113239 |
||
| 650 |
_aSociology _9113240 |
||
| 906 | _aSoorya | ||
| 942 |
_2ddc _cBK |
||
| 999 |
_c173047 _d173047 |
||